América Central /

Gespeichert in:
Bibliographische Detailangaben
1. Verfasser: Córdova Macías, Ricardo
Körperschaften: FUNDAUNGO, Universidad de Pittsburgh. Departamento de Ciencias Políticas
Weitere Verfasser: Seligson, Mitchell A
Format: Text
Veröffentlicht: San Salvador: FLACSO. Programa El Salvador
Schlagworte:
Tags: Tag hinzufügen
Keine Tags, Fügen Sie den ersten Tag hinzu!

MARC

LEADER 00000 a a2200000 04500
001 27024
003
040
090 |a 183303  
100 |a Córdova Macías, Ricardo  
110 |a FUNDAUNGO  
245 |a América Central /  |c FUNDAUNGO  
260 |a San Salvador:   |b FLACSO. Programa El Salvador  
300 |a 217 p; vol. 1   |b **no definido**   |b fonodiscos   |b **no definido**  
650 |a GOBIERNO LOCAL  
650 |a PARTICIPACION POLITICA  
650 |a CIUDADANIA  
650 |a CABILDEO  
700 |a Seligson, Mitchell A  
710 |a Universidad de Pittsburgh. Departamento de Ciencias Políticas  
999 |c 13371  |d 13371